Представление документа в формате MARC21

ПолеНазваниеЗначение
  Тип записи a
  Библиографический уровень m
001 Контрольный номер f861c719d0f0407ebae6861fb586db59
005 Дата корректировки 20240305141623.9
020 Индекс ISBN __
a ISBN 978-5-9266-2005-1
040 Источник каталогиз. __
b Код языка каталог. rus
e Правила каталог. PSBO
a Служба первич. каталог. ДМН
041 Код языка издания 0_
a Код языка текста rus
084 Индекс другой классификации/Индекс ББК __
a Индекс другой классификации/Индекс ББК 87.752я73
090 Шифры __
c Каталожный индекс 87.752я73
100 Автор 1_
a Автор Мисроков Т. З.
245 Заглавие 10
a Заглавие Нравственно-этические основы службы в органах внутренних дел Российской Федерации. Служебный этикет
h Физич. носитель Электронный ресурс
b Продолж. заглавия учебно-наглядное пособие
c Ответственность Краснодарский университет МВД России
246 Другая форма заглавия 22
a Другая форма заглавия Служебный этикет
260 Выходные данные __
a Место издания Краснодар
b Издательство Краснодар. ун-т МВД России
c Дата издания 2023
300 Физическое описание __
a Объем 72 с.
b Иллюстрации/ тип воспроизводства цв. ил., схем.
336 Вид содержания __
a Термин вида содержания Текст
337 Средство доступа __
a Термин типа средства электронный
338 Характеристика содержания __
a Характеристика содержания визуальное
504 Библиография __
a Библиография Библиогр.: с. 72
650 Тематические рубрики 14
a Основная рубрика СОЦИАЛЬНЫЕ (ОБЩЕСТВЕННЫЕ) И ГУМАНИТАРНЫЕ НАУКИ
x Основная подрубрика ЭТИКА
653 Ключевые слова 1_
a Ключевые слова СЛУЖБА В ОРГАНАХ ВНУТРЕННИХ ДЕЛ; ПРОФЕССИОНАЛЬНАЯ ЭТИКА; СЛУЖЕБНЫЙ ЭТИКЕТ; НРАВСТВЕННЫЕ ОСНОВЫ ПРОФЕССИОНАЛЬНОЙ ДЕЯТЕЛЬНОСТИ; НРАВСТВЕННОСТЬ; НРАВСТВЕННОЕ ПОВЕДЕНИЕ; ТРАДИЦИИ В ОРГАНАХ ВНУТРЕННИХ ДЕЛ; РИТУАЛЫ В ОВД
856 Электронный адрес документа 40
y Справочный текст Нравственно-этические основы службы в органах внутренних дел Российской Федерации. Служебный этикет
z Примечание для пользователя Режим доступа: для авторизир. пользователей
u URL URL:http://mp.na-mvd.ru:8090/MegaPro2/Download/MObject/5308
900 Электронные ресурсы __
a Имя электронного ресурса Нравственно-этические основы службы в органах внутренних дел Российской Федерации УНП 2023
905 Дата создания записи __
a Дата создания записи 20240305
952 Тип литературы __
c Вид литературы учебная
c Вид литературы учебное пособие
e Кафедра КАФЕДРА ПСИХОЛОГИИ И ПЕДАГОГИКИ
i Дисциплина ПРОФЕССИОНАЛЬНАЯ ЭТИКА И СЛУЖЕБНЫЙ ЭТИКЕТ